Five Happiest Nations by Size Category - Statistics

General Stats
  • This quiz has been taken 3,654 times
  • The average score is 16 of 20
Answer Stats
% Correct
1 United States
98%
5 Norway
91%
1 Finland
90%
2 Brazil
89%
2 Germany
89%
4 Japan
89%
4 United Kingdom
89%
3 Canada
88%
2 Denmark
88%
5 France
88%
3 Mexico
85%
1 Australia
84%
4 Netherlands
79%
1 Iceland
78%
3 Switzerland
78%
3 New Zealand
77%
4 Ireland
69%
2 Luxembourg
69%
5 Philippines
55%
5 Bahrain
22%
No matching quizzes found
Score Distribution
Percent of People with Each Score
Percentile by Number Answered
Your Score History
You have not taken this quiz